| 000 | 00668aam a2200265 4500 | ||
|---|---|---|---|
| 005 | 20240523165109.0 | ||
| 008 | 150526b xxu||||| |||| 00| 0 spa d | ||
| 020 | _a9789898144225 | ||
| 041 | _aESP | ||
| 082 | _a745.92 A854a | ||
| 100 | _aAtiaso, Susana | ||
| 100 | _aSabatke, Joice | ||
| 245 | _aArreglos florales: embellezca su casa por dentro y por fuera | ||
| 260 | _bEspaña | ||
| 260 | _bEurobest | ||
| 260 | _c2008 | ||
| 300 | _a128 páginas | ||
| 650 | _aDECORACIÓN CON FLORES | ||
| 650 | _aARREGLOS CON FLORES | ||
| 650 | _aTIPOS FLORALES | ||
| 650 | _aMACETAS | ||
| 650 | _aPLANTACIÓN DE FLORES | ||
| 942 |
_cBK _2ddc |
||
| 999 |
_c2278 _d2278 |
||